• 首页
  • 本馆介绍
  • 公告通知
  • 最新文献
  • 馆藏检索
  • 电子资源
  • 读者导购
  • 参考咨询
  • 我的图书馆
  • 登录
  • 详细信息显示
  • 放入我的书架
  • 预约/预借图书
  • 作者相关作品
  • 分类相关作品
  • 丛书相关作品
  • 出版社相关作品

书目信息

  • 表格格式
  • 工作单格式
  • 卡片格式
题名:
千古留名——王昭君
    
 
作者: 王荣珍 编著
分册:  
出版信息: 长春   吉林文史出版社  2018重印
页数: 136页
开本: 22cm
丛书名: 中国文化知识读本
单 册:
中图分类: K828.5=341
科图分类:
主题词: 妇女--fu nv--历史人物--人物研究--中国--西汉时代
电子资源:
ISBN: 978-7-5463-5010-3
000 01042nam 2200277 45
001 012001010287
005 20140101141700.0
010    @a978-7-5463-5010-3@dCNY34.80
099    @aCAL 012011451466
100    @a20111212d2011 em y0chiy0121 ea
101 0  @achi
102    @aCN@b220000
105    @aa z 000yb
106    @ar
200 1  @a千古留名——王昭君@Aqian gu liu ming——wang zhao jun@f王荣珍编著
210    @a长春@c吉林文史出版社@c吉林出版集团有限责任公司@d2018重印
215    @a136页@c图@d22cm
225 2  @a中国文化知识读本@Azhong guo wen hua zhi shi du ben@i中国古代才女佳人
330    @a本书介绍了四大美人之一王昭君的人生故事,内容包括:昭君其人、初入汉宫、请缨出塞、汉匈和平、百世流芳、昭君逸闻。
410  0 @12001@a中国文化知识读本@i中国古代才女佳人
600  0 @a王昭君,@Awang zhao jun@f前55-@x生平事迹
606 0  @a妇女@Afu nv@x历史人物@x人物研究@y中国@z西汉时代
690    @aK828.5=341@v4
701  0 @a王荣珍@Awang rong zhen@4编著
801  2 @aCN@b上海新华@c20191020
905    @b1136329-32@dK828.5=341@e104@f4
    
    千古留名——王昭君/王荣珍编著.-长春:吉林文史出版社:吉林出版集团有限责任公司,2018重印
    136页:图;22cm.-(中国文化知识读本.中国古代才女佳人)
    
    
    ISBN 978-7-5463-5010-3:CNY34.80
    本书介绍了四大美人之一王昭君的人生故事,内容包括:昭君其人、初入汉宫、请缨出塞、汉匈和平、百世流芳、昭君逸闻。
●
相关链接 在E读中查询图书 在五车中查询图书 在当当中查询图书 在豆瓣中查询图书


正题名:千古留名——王昭君     索取号:K828.5=341/104         预约/预借

序号 登录号 条形码 馆藏地/架位号 状态 备注
1 1136329   211363291   第二样本阅览室/ [索取号:K828.5=341/104] 在馆    
2 1136330   211363308   第二借阅区/ [索取号:K828.5=341/104] 在馆    
3 1136331   211363317   第二借阅区/ [索取号:K828.5=341/104] 在馆    
4 1136332   211363326   第二借阅区/ [索取号:K828.5=341/104] 在馆    
唐山师范学院图书馆 欢迎您!
大连网信软件有限公司© 版权所有